000 00306nam a2200133Ia 4500
008 240624s9999 xx 000 0 und d
041 _aeng
082 _a891.43 KIR
100 _aKIRPAL AVINASH
245 _aMAHILA UDHYAMI
260 _c2017
_aNew Delhi
_bSage
300 _a168 p.; 20 cm.
365 _cRS
999 _c32483
_d32483